000 00372 a2200121 4500
001 ART_9276
005 20260410161846.0
008 260409a
245 1 0 _aLa estrategia del desarrollo económico
100 1 _aHirschman, Albert O.
700 1 _aSuárez, Eduardo L.
773 0 _tEl trimestre económico
_g- Vol. L, Nº 199 (jul./set. 1983)
_wREV6933
999 _c24534
_d24534